000 00804cam a2200241 a 4500
001 12731363
005 20180214072908.0
008 020405s2003 nyua b 001 0 eng
010 _a 2002067763
020 _a0321127188 (pbk. : instructor's ed.)
020 _a0205334571 (pbk. : student's ed.)
040 _aDLC
_cDLC
_dDLC
041 _aeng
080 _a808.0427 NAD
082 0 0 _a808.0427 NAD
_221
100 1 _a47
101 _aEDU
245 1 4 _aThe Longman writer :
_cJudith Nadell, Linda McMeniman, John Langan.
504 _aIncludes bibliographical references and index.
906 _a7
_bcbc
_corignew
_d1
_eocip
_f20
_gy-gencatlg
942 _2ddc
_cBK
999 _c42502
_d42502